Greatest College Basketball Players (Ever) - Statistics

General Stats
  • This quiz has been taken 78 times
  • The average score is 2 of 10
Answer Stats
# Player % Correct
3 Bill Walton
58%
2 Pete Maravich
54%
1 Lew Alcindor
38%
8 Christian Laettner
36%
5 Ralph Sampson
23%
10 Tyler Hansbrough
14%
4 David Thompson
9%
7 Len Bias
7%
9 Lionel Simmons
1%
6 Walter Berry
1%
No matching quizzes found
Score Distribution
Percent of People with Each Score
Percentile by Number Answered
Your Score History
You have not taken this quiz